01371nas a22002177a 450000500170000000700120001700800410002902200140007004000090008408200150009324500880010826000380019630000160023431000150025036500160026550007630028165000500104465100100109465500140110485600350111820200520113206.0cz aa aaaaa200428c f||poo|||| 00| 0 eng d a2664-6560 coclc a540bJOU/C aInternational Journal of Chemical Research and Developmenthe-Journal (Open Access) bPrime PublicationsaDelhi, India  aPDF(online) aSemiannual eOpen Access aInternational Journal of Chemical Research and Development is a peer reviewed, indexed, refereed and open access journal. Abstracting and Indexing information: Journal is in process to index with Index Copernicus, Ulrich's International Periodical Directory, Google Search, Google Scholar, Indian Science, PubsHub, Libraries Directory and Many More important databases. The journal publishes chemical, pharmaceutical and biomedical review and research articles which include: Organic Chemistry, Physical Chemistry, Analytical Chemistry, Polymer Sciences, Medicinal Chemistry, Natural Chemistry, Biochemistry, Analytical Research Works, QSAR Studies, Nanotechnology, Biotechnological Research Works, Method and Process Development, Drug Development and etc. 0aNatural sciences & mathematicsvChemistry 0aIndia 0ae-Journal uhttp://www.chemicaljournal.in/